书目信息 |
| 题名: |
丹麦风情录
|
|
| 作者: | 崔建国 编著 | |
| 分册: | ||
| 出版信息: | 上海 东方出版社 1998.11 |
|
| 页数: | 371页 | |
| 开本: | 32开 | |
| 丛书名: | ||
| 单 册: | ||
| 中图分类: | H319.4 | |
| 科图分类: | ||
| 主题词: | 英语 | |
| 电子资源: | ||
| ISBN: | 7-80627-347-6 | |
| 000 | 00534nam0 2200193 45 | |
| 001 | 0011151644 | |
| 005 | 20001115164305.8 | |
| 010 | @a7-80627-347-6@d13.00元 | |
| 100 | @a20001115d1998 km y0chiy0120 ea | |
| 101 | 0 | @achi |
| 105 | @a z 000yy | |
| 200 | 1 | @a丹麦风情录@ADan Mai Feng Qing Lu@f崔建国编著@FCui Jian Guo Bian Zhu |
| 210 | @a上海@c东方出版社@d1998.11 | |
| 215 | @a371页@d32开 | |
| 606 | 0 | @a英语 |
| 690 | @aH319.4@v3 | |
| 701 | 0 | @a崔建国@4编著 |
| 801 | @aCN@bPftUser@c20001115 | |
| 905 | @b407421-425@dH319.4@eC269/1@f5 | |
| 丹麦风情录/崔建国编著.-上海:东方出版社,1998.11 |
| 371页;32开 |
| ISBN 7-80627-347-6:13.00元 |
| ● |
| 相关链接 |
|
|
|
正题名:丹麦风情录
索取号:H319.4/C269/1
 
预约/预借
| 序号 | 登录号 | 条形码 | 馆藏地/架位号 | 状态 | 备注 |
| 1 | 407421 | 204074214 | 语言库209/209语言库 44排3列4层/ [索取号:H319.4/C269/1] | 在馆 | |
| 2 | 407422 | 204074223 | 语言库209/209语言库 44排3列4层/ [索取号:H319.4/C269/1] | 在馆 | |
| 3 | 407423 | 204074232 | 语言库209/209语言库 44排3列4层/ [索取号:H319.4/C269/1] | 在馆 | |
| 4 | 407424 | 204074241 | 语言库209/209语言库 44排3列4层/ [索取号:H319.4/C269/1] | 在馆 | |
| 5 | 407425 | 204074250 | 语言库209/209语言库 44排3列4层/ [索取号:H319.4/C269/1] | 在馆 |